| 000 | 00379nam a2200157Ia 4500 | ||
|---|---|---|---|
| 008 | 131103s9999 xx 000 0 und d | ||
| 040 | _aLoreto College | ||
| 041 | _aEnglish | ||
| 082 |
_aCHBK-II/BON _bLCBED/2318 |
||
| 245 | _aColour and paint | ||
| 260 |
_aLondon _bPages _c1969 |
||
| 300 |
_a pic. _c 24cm. |
||
| 650 | _aCHBK-II | ||
| 850 | _aLCBED/CHBK-II/BON | ||
| 942 | _cBK | ||
| 999 |
_c31519 _d81998 |
||